000 00694nas a2200241 4500
001 BR0200150
003 BR-BrBNA
005 20231205102624.0
007 ta
008 230509b bl.|||p| |||| 00| 00por d
040 _aBR-BrBNA
_bpor
_cBiblioteca Nacional de Agricultura
041 _a(Pt)
072 _aH10
100 1 _aRocha, V.J.
245 1 _aMacaco-Prego, como controlador esta nova praga florestal?
500 _aPubl. nov 2000
650 _aMacaco Prego
650 _aPraga de Planta
650 _aPinheiro
773 0 _tFloresta (Brazil)
_xISSN 0015-3826
_g(Jun-Dec 2000), v. 30(1-2) p. 95-99
_wBR0200150
909 _a202311
_bLúcia
_c55
_dLúcia Elande
942 _2AGRIS
_n0
_cANA
999 _c168492
_d168492